[Event "Titled Tue 9th Jan Early"]
[Site "chess.com INT"]
[Date "2024.01.09"]
[Round "4"]
[White "Ter Sahakyan, S.."]
[Black "Firouzja, Alireza"]
[Result "1/2-1/2"]
[WhiteElo "2649"]
[BlackElo "2759"]
[PlyCount "106"]
[EventDate "2024.01.09"]

1. d4 {Chessbase - Stockfish 17} Nf6 2. c4 e6 3. Nc3 Bb4 4. a3 Bxc3+ 5. bxc3 Nc6 6. f3 b6 7. e4 Na5 8. Bd3 ({RR} 8. c5 bxc5 9. Qa4 Nc6 10. Bb5 ({RR} 10. Bg5 h6 11. Bh4 cxd4 12. cxd4 e5 13. Ne2 O-O 14. Rc1 exd4 15. Nxd4 Nxd4 16. Qxd4 d6 17. Bxf6 Qxf6 18. Qxf6 gxf6 19. Rxc7 Rb8 20. Kd2 Rb2+ 21. Rc2 Rb1 22. Rc1 Rb2+ 23. Kc3 Ra2 24. Bc4 Rxg2) 10... cxd4 ({RR} 10... Ne7 11. dxc5 O-O 12. Be3 d5 13. e5 Nd7 14. f4 a5 15. Nf3 Nb8 16. Qc2 h6) 11. Bxc6 dxc6 12. cxd4 Qd7 13. Ne2 c5 14. Qc4 cxd4 15. Nxd4 Ba6 16. Qxa6 ({RR} 16. Qc5 Qd6 17. Qc6+ Qxc6 18. Nxc6 Bb5 19. Na5) 16... Qxd4 17. Qc6+ Ke7 18. Qxc7+ Nd7 19. Bg5+ f6 20. Rd1 Rhc8 21. Qg3 Qb6 22. Bf4 g6 {Van Foreest,J (2680)-Erigaisi,A (2801) Wijk aan Zee 2025 [Chessbase - Stockfish 17] ½-½ (32)} {RR} 23. Qh4 h5 24. Qf2 Ke8 25. O-O) 8... Ba6 9. Qe2 O-O $146 ({RR} 9... c5 10. e5 Ng8 11. Be3 cxd4 12. cxd4 Rc8 13. Rc1 d5 14. exd6 Qxd6 15. c5 Bxd3 16. Qxd3 Qd7 17. Qa6 Ne7 18. cxb6 axb6 19. Qxb6 Nc4 20. Qb3 Nxe3 21. Rxc8+ Qxc8 22. Qxe3 Nd5 23. Qd2 Qa6 24. Ne2 {Sethuraman,S (2619)-Harsha,B (2499) New Delhi 2022 0-1 (71)}) ({RR} 9... d6 10. f4 c5 11. e5 dxe5 12. fxe5 Nd7 13. Nf3 cxd4 14. cxd4 Rc8 15. Bg5 Qc7 16. Nd2 Nxc4 17. Rc1 b5 18. O-O Qb6 19. Qf2 O-O 20. Qh4 g6 21. Bxc4 bxc4 22. Rc3 h5 23. Be7 Nxe5 24. Rb1 {Lehmann,S (2191)-Kostolansky,S (2402) Chicago USA 2025 0-1 (40)}) 10. Bg5 h6 11. Bh4 g5 12. Bg3 Nh5 13. f4 Ng7 14. Nf3 f5 15. O-O g4 16. Nd2 d5 17. cxd5 Bxd3 18. Qxd3 fxe4 19. Qxe4 Qxd5 20. Qg6 Qf5 21. Qxh6 Rf6 22. Qg5 Rg6 23. Qxf5 exf5 24. Rfe1 Kf7 25. c4 Rd6 26. Bf2 Ne6 27. d5 Ng7 28. Bd4 c6 29. Be5 Rd7 30. d6 Ne8 31. h3 Nxd6 32. hxg4 fxg4 33. Rac1 Nf5 34. Ne4 Rad8 35. c5 Rd3 36. cxb6 axb6 37. Bc7 Nb3 38. Bxd8 Nxc1 39. Bxb6 Nb3 40. Ng5+ Kg6 41. Re6+ Kh5 42. Rxc6 g3 43. Kf1 Rd2 44. Nf3 Ra2 45. Rf6 Nh6 46. Rf8 Ng4 47. Rh8+ Kg6 48. Rg8+ Kf5 49. Rg5+ Kxf4 50. Bc7+ Ke3 51. Bb6+ Kf4 52. Bc7+ Ke3 53. Bb6+ Kf4 1/2-1/2